书目信息 |
| 题名: |
洪水影响评价要点分析与研究
|
|
| 作者: | 朱秋菊 , 刘学明 , 石赟赟 著 | |
| 分册: | ||
| 出版信息: | 北京 中国水利水电出版社 2018 |
|
| 页数: | 168页 | |
| 开本: | 26cm | |
| 丛书名: | ||
| 单 册: | ||
| 中图分类: | TV213.4 , TV122 | |
| 科图分类: | ||
| 主题词: | 水资源管理--shui zi yuan guan li--水利工程--洪水--工程水文学--研究 | |
| 电子资源: | ||
| ISBN: | 978-7-5170-7261-4 | |
| 000 | 01507nam0 2200301 450 | |
| 001 | 012001002619 | |
| 005 | 20140101185430.0 | |
| 010 | @a978-7-5170-7261-4@dCNY58.00 | |
| 099 | @aCAL 012019046058 | |
| 100 | @a20190412d2018 em y0chiy50 ea | |
| 101 | 0 | @achi |
| 102 | @aCN@b110000 | |
| 105 | @aak a 000yy | |
| 106 | @ar | |
| 200 | 1 | @a洪水影响评价要点分析与研究@Ahong shui ying xiang ping jia yao dian fen xi yu yan jiu@f朱秋菊 ... 等著 |
| 210 | @a北京@c中国水利水电出版社@d2018 | |
| 215 | @a168页@c图@d26cm | |
| 304 | @a著者还有:刘学明、石赟赟、严黎等 | |
| 320 | @a有书目 (第168页) | |
| 330 | @a本书以珠江三角洲水资源配置工程为例,全面分析评价了珠江三角洲水资源配置工程对涉及河道和水库的洪水影响,对工程取水口泵站枢纽及交通码头、沿线穿河盾构隧洞段、高新沙水库和罗田泵站、沿线工作井、排水泵站穿堤排水管等涉水工程防洪评价要点进行了分析和梳理;根据工程所在江河(湖泊)流域综合规划总体要求以及流域治理开发存在的突出问题和需求,分析论证了工程任务、规模、工程运行方案的合理性和水工程设计标准与相关规定的符合性;总结了可能存在的洪水影响问题,并针对这些问题提出了必要的减免措施和建议。本书的评价分析方法对于非洪泛区、蓄滞洪区同类或相似工程的洪水影响评价具有一定的指导意义。 | |
| 606 | 0 | @a水资源管理@Ashui zi yuan guan li@x水利工程@x洪水@x工程水文学@x研究 |
| 690 | @aTV213.4@v5 | |
| 690 | @aTV122@v5 | |
| 701 | 0 | @a朱秋菊@Azhu qiu ju@4著 |
| 701 | 0 | @a刘学明@Aliu xue ming@4著 |
| 701 | 0 | @a石赟赟@Ashi yun yun@4著 |
| 801 | 0 | @aCN@b北京卓展@c20191020 |
| 905 | @b1204093-4@dTV213.4@e83@f2 | |
| 洪水影响评价要点分析与研究/朱秋菊 ... 等著.-北京:中国水利水电出版社,2018 |
| 168页:图;26cm |
| ISBN 978-7-5170-7261-4:CNY58.00 |
| 本书以珠江三角洲水资源配置工程为例,全面分析评价了珠江三角洲水资源配置工程对涉及河道和水库的洪水影响,对工程取水口泵站枢纽及交通码头、沿线穿河盾构隧洞段、高新沙水库和罗田泵站、沿线工作井、排水泵站穿堤排水管等涉水工程防洪评价要点进行了分析和梳理;根据工程所在江河(湖泊)流域综合规划总体要求以及流域治理开发存在的突出问题和需求,分析论证了工程任务、规模、工程运行方案的合理性和水工程设计标准与相关规定的符合性;总结了可能存在的洪水影响问题,并针对这些问题提出了必要的减免措施和建议。本书的评价分析方法对于非洪泛区、蓄滞洪区同类或相似工程的洪水影响评价具有一定的指导意义。 |
| ● |
| 相关链接 |
|
|
|
|
正题名:洪水影响评价要点分析与研究
索取号:TV213.4/83
 
预约/预借
| 序号 | 登录号 | 条形码 | 馆藏地/架位号 | 状态 | 备注 |
| 1 | 1204093 | 212040931 | 第二样本阅览室/ [索取号:TV213.4/83] | 在馆 | |
| 2 | 1204094 | 212040940 | 第三借阅区/ [索取号:TV213.4/83] | 在馆 |